000
00279nam a2200121Ia 4500
008
191201s2012 xx 000 0 und d
100
_a
KANTER,Jerome
245
0
_a
Managing with information
250
_a
4th
260
_c
2012
_b
PHI
_a
NEW DELHI
300
_a
444
942
_2
ddc
_c
BK
999
_c
7865
_d
7865